000 00312nam a2200109Ia 4500
008 220120s9999||||xx |||||||||||||| ||und||
100 _aChandrashekaraiah, P.M
245 0 _aBasic electrical engineering
260 _aRajeshwari publications
_bNew Delhi
_c2006
300 _aXX3,1268
_b0
650 _aCOMPUTER SCIENCE
999 _c132402
_d132402